Business law : (Record no. 4645)

MARC details
000 -LEADER
fixed length control field 02703pam a2200217 a 4500
020 ## - INTERNATIONAL STANDARD BOOK NUMBER
ISBN 0070539197
020 ## - INTERNATIONAL STANDARD BOOK NUMBER
ISBN 9780078210372
050 00 - CALL NUMBER
Classification number KF889.3
Item number .B84
100 1# - AUTHOR
Personal name Brown, Gordon W.,
245 10 - TITLE
Title Business law :
Remainder of title with UCC applications /
Statement of responsibility, etc Gordon W. Brown, Edward E. Byers, Mary Ann Lawlor ; contributing author, Paul Sukys.
250 ## - EDITION
Edition statement 7th ed.
260 ## - PUBLICATION INFORMATION
Place of publication New York :
Name of publisher McGraw-Hill,
Year of publication c1989.
300 ## - DESCRIPTION
Number of Pages viii, 695 p. ;
Dimensions 24 cm.
500 ## - NOTES
General note Rev. ed. of: Business law / R. Robert Rosenberg ... [et al.]. 6th ed. 1983.
500 ## - NOTES
General note Includes index.
505 ## - FORMATTED CONTENTS NOTE
Table of Content ETHICS, LAW AND THE JUDICIAL SYSTEM Ethics, Sources of Law The Judicial Process Criminal Law Tort Law Part Case: Planned Parenthood of Pennsylvania v. Casey CONTRACT LAWThe Nature Characteristics, and Status of Contracts Offer and Acceptance Mutual Assent and Defective Agreement Contractual Capacity Consideration Legality Form of the Agreement Third Parties in Contract Law Discharge and Remedies Part Case: Wilcox v. Trautz (NEW) SALES AND CONSUMER PROTECTION Sales and Leases of Goods Title and Risk of Loss in Sales of Goods Performance and Breach of the Sales Contract Warranties and Product Liability Consumer Protection Part Case: Denny v. Ford Motor Co. (NEW) PROPERTY Personal Property Bailments Real Property Landlord and Tenant Wills, Intestacy, and Trusts Part Case: Nylander v. Potter (NEW) - NEGOTIABLE INSTRUMENTS Nature and Kinds of Negotiable Instruments Drafting and Negotiating Instruments Holders in Due Course, Defenses and Liabilities Bank Deposits, Collections, and Depositor Relationships Part Case: Getty Petroleum Corporation v. American Express Travel Related ServicesCo. - INSURANCE, SECURED TRANSACTIONS, AND BANKRUPTCY The Nature of the Insurance Contract Mortgage and Other Security Devices Bankruptcy and Debt Adjustment Part Case: Metropolitan Life Insurance Company v Pressley (NEW) - AGENCY AND EMPLOYMENT The Principal and Agent Relationship Operation and Termination of Agency Employment Law Labor-Management Relations Law Part Case: Stephenson v. Litton Systems, Inc. - BUSINESS ORGANIZATION AND REGULATION Sole Proprietorships and Partnerships Corporate Formation and Finance Corporate Management and Control Government Regulation of Corporate Business Part Case: Gries Sport Enterprises, Inc v. Cleveland Browns Football Co.,Inc.(NEW) EMERGING TRENDS AND ISSUES Professional Liability Computers, E-Commerce, and the LawAlternative Dispute Resolution International Law Part Case: Lama v. Borras Appendix A: US Constitution Appendix B: Uniform Commercial Code (Abridged)
650 #0 - SUBJECTS
Topical Term Commercial law
700 1# - OTHER AUTHORS
Personal name Byers, Edward Elmer.
700 1# - OTHER AUTHORS
Personal name Lawlor, Mary Ann.
942 ## - ADDED ENTRY ELEMENTS (KOHA)
Koha item type Books
Holdings
Withdrawn status Lost status Collection code Home library Current library Shelving location Date acquired Full call number Accession Number Koha item type
    Reference Methodist University Law Library Methodist University Law Library General Stacks   KF889.3 .B84 25204 Books
Copyright © 2026  MUG Library